000 00567nam a22001457a 4500
005 20250206173551.0
008 241105b |||||||| |||| 00| 0 eng d
100 _aBanks, Kerry.
_eauthor.
_963550
245 _aBasic instincts :
_bthese birds stage rowdy love-ins on rocky coasts /
_cKerry Banks.
260 _aWashington ;
_bNational Geographic Partners, LLC.,
_cNovember 2022.
300 _avolume 241, page 28,
_billustration.
500 _aNational Geographic, v. 242, n. 11, pages 28, September 2022.
700 _aBanks, Kerry.
_eauthor.
_963549
942 _2ddc
_cPER
999 _c22974
_d22974